000 004850000a22001810004500
003 MACL
005 20151222153707.0
008 151222b xxu||||| |||| 00| 0 eng d
040 _aMACL
_cmacl
041 _aEnglish
082 _a954/LON
100 _aLannoy, Richard
_922105
245 _aIndia
_bPhotogravure plates six in Colour Introductory Essay and Notes
260 _bThames and Hudson
_c1955
_aLondon
350 _a35
650 _aHistory
_922107
942 _cBK
_k954/LAN
_2ddc
999 _c39644
_d39644